The 100 - Statistiques

Statistiques générales
  • Ce quiz a été pris 1 503 fois
  • Le résultat moyen est 11 sur 15
Statistiques - réponses
Acteurs Personnages % Correct
Bob Morley Bellamy
99%
Eliza Taylor Clark
99%
Marie Avgeropoulos Octavia
97%
Lindsey Morgan Raven
93%
Richard Harmon Murphy
87%
Alycia Debnam-Carey Lexa
81%
Christopher Larkin Monty
80%
Devon Bostick Jasper
78%
Tomas McDonell Finn
72%
Isaiah Washington Thélonious Jaha
69%
Eli Goree Wells Jaha
69%
Henry Ian Cusick Kane Marcus
66%
Chelsey Reist Harper
60%
Luisa D'Oliveira Emorie
49%
Paige Turco Abby Griffin
48%
Aucun quiz correspondant
Distribution des résultats
% des personnes avec chaque résultat
Percentile par nombre de réponses
Votre historique - résultats
Vous n’avez pas pris ce quiz